Determinación de estructuras atípicas en el área de transición entre la región pampeana con cultivo de secano y los oasis de riego patagónico /

Guardado en:
Autor Principal: Capelli de Steffens, Alicia M.
Formato: Libro
Idioma:Spanish
Publicado: Bahía Blanca, 1974.
Etiquetas: Agregar Etiqueta
Sin Etiquetas, Sea el primero en etiquetar este registro!
LEADER 00584nam a22001455a 4500
001 EUN.um014771
003 AR-BaUNS
005 20050623122857.0
008 041125s1974####ag#a##########000#0#spa#d
245 1 0 |a Determinación de estructuras atípicas en el área de transición entre la región pampeana con cultivo de secano y los oasis de riego patagónico /  |c Alicia M. Capelli de Steffens. 
260 |a Bahía Blanca,  |c 1974. 
300 |a No paginado :  |b ilus. ;  |c 27,5 cm. 
100 1 |a Capelli de Steffens, Alicia M. 
082 0 4 |a 338.91 
859 |a Ar-BaUNS  |b BIB. CENTRAL - Sector C  |h 338.91  |i C171  |p 71249/974